Казки народів Африки (Запис № 17492)

000 -Маркер запису
Контрольне поле сталої довжини 01140nam a22002657a 4500
003 - Належність контрольного номера
Контрольне поле Uzh_bibl
008 - Кодовані дані
Контрольне поле сталої довжини 260423b |||||||| |||| 00| 0 ukr d
020 ## - Індекс ISBN
ISBN 5-301-01372-6
Ціна 233,4
040 ## - Джерело каталогіз.
Код мови каталог. укр.
041 ## - Код мови видання
Код мови оригіналу африканс
Код мови тексту українська
080 ## - Індекс УДК
Індекс УДК 821.161.2
090 ## - Шифри
Поличний індекс 821.161.2
Авторський знак К 14
100 ## - Автор
Автор -
245 ## - Назва
Назва Казки народів Африки
Відповідальність Упоряд. та пер. з африк. М. Венгренівської
Фізичний носій Текст
260 ## - Вихідні дані
Місце видання Київ
Видавництво "Веселка"
Дата видання 1993
300 ## - Фізичний опис
Обсяг 159 с.
Ілл./тип відтвор. іл.
Тип одиниці В опр.
490 ## - Серія
Назва серії "Казки народів світу"
520 ## - Анотація
Анотація До збірки увійшли найвідоміші казки народів Африки, цікаві сюжетами, пройняті народною мудрістю та гумором.
521 ## - Примітка про цільове призначення
Примітка про цільове призначення Для молодшого шкільного віку
546 ## - Примітка про мову
Примітка про мову укр.
650 ## - Тематичні рубрики
Основна рубрика Літературно-художнє видання
653 ## - Ключові слова
Ключові слова Жадоба золота
-- Вода Ладі
-- Ціна байдужості
655 ## - Термін індексування — жанр/форма
Жанр/форма Художня література
Типове ділення Казки
942 ## - ADDED ENTRY ELEMENTS (KOHA)
Джерело класифікації чи схема поличного розташування
Koha item type Книги
Фонди
Статус вилучення Статус втрати/відсутності Джерело класифікації чи схема поличного розташування Статус пошкодження Тип обігу (не для випозичання) Постійне розташування Поточне розташування Розташування у відділі Дата надходження Інвентарний номер Total Checkouts Повний (примірниковий) шифр зберігання Штрих-код Date last seen Дата, для якої чинна ціна заміни Тип одиниці (рівень примірника)
          Бібліотека-філія №2 Бібліотека-філія №2 Абонемент молодший відділ 23/04/2026 44102   821.161.2 19755 23/04/2026 23/04/2026 Книги

Працює на АБІС Коха